Statistiques concernant Les singles de Jenifer classés dans le Top 10 français

Cliquez ici pour prendre le quiz!

Statistiques générales

  • Ce quiz a été pris 48 fois
  • Le résultat moyen est 7 sur 13

Statistiques - réponses

Position dans les chartsannéeTitre% Correct
22002En soloAu soleil
97%
12001Avec la Star AcademyLa Musique
74%
92004En soloMa révolution
74%
22002En soloJ'attends l'amour
71%
82003En soloDonne-moi le temps
66%
72018En soloNotre idylle
58%
32002En soloDes mots qui résonnent!
55%
32007En soloTourner ma page
50%
92019feat. Kylie MinogueOn oublie le reste
37%
72016En soloParadis secret
37%
102008En soloComme un hic
32%
12001Avec la Star AcademyGimme! Gimme! Gimme!
24%
62004En soloLe Souvenir de ce jour
24%

Distribution des résultats

Percentile par nombre de réponses

% des personnes avec chaque résultat

Votre développement - résultats

Vous n’avez pas pris ce quiz